000
00201nam a2200085 4500
001
1257345
005
20260211102932.0
245
_a
DÜNYANIN MERKEZİNE YOLCULUK
_c
JULES VERNE
260
_b
TİMAŞ YAYINLARI
999
_c
1257345
_d
1257345